000 00562nam a22002177a 4500
003 UA-OsUOA
001 39016
007 ta
008 20060602b un ||||| |||| 00| 0 ukr d
100 _aДолганова Лідія
090 _a32
_bД11
942 _cSA
040 _aUA-OsUOA
_bukr
_cUA-OsUOA
_dUA-OsUOA
245 _aДипломатичні стосунки в освіті розвиваються і міцніють
300 _a2 с.
955 _a0
041 _aukr
080 _a32
773 0 _w39014
650 7 _a32 Політика
_2UDC
999 _c325160
_d325160